01195nam a2200277 a 450000100060000000300080000600500170001400800410003103500210007204000320009304100080012508200290013324500820016226000540024430000260029849000670032450001590039150400390055065000610058965000450065065000660069570000180076171000400077971000310081983000670085059649BD-RjUL20211209080744.0161226s1986 nyu b 101 0 eng  a(BD-RjUL) 59773 aDLCcDLCdDLCdBD-RjULbeng aeng00a307.760973223bPUB 198600aPublic-private partnerships :bimproving urban life /cedited by Perry Davis. aNew York :bAcademy of Political Science,cc1986. axii, 161 p. ;c23 cm. aProceedings of the Academy of Political Science,vv. 36, no. 2 aPapers emanating from a conference held June 13, 1986 and sponsored by the Academy of Political Science in conjunction with the New York City Partnership. aIncludes bibliographies and index. 0aCommunity development, UrbanzUnited StatesxCongresses. 0aUrban policyzUnited StatesxCongresses. 0aPublic-private sector cooperationzUnited StatesxCongresses.1 aDavis, Perry.2 aAcademy of Political Science (U.S.)2 aNew York City Partnership. aProceedings of the Academy of Political Science,vv. 36, no. 2